Искусство влиять на людей и зарабатывать деньги (Запись № 13538127)

Подробности
000 -МАРКЕР
контрольное поле 02334nam0a2200397 4500
001 - ИДЕНТИФИКАТОР ЗАПИСИ
контрольное поле RU\NLR\BIBL_A\022300729
005 - ИДЕНТИФИКАТОР ВЕРСИИ
контрольное поле 20260621063407.0
010 ## - МЕЖДУНАРОДНЫЙ СТАНДАРТНЫЙ НОМЕР КНИГИ (ISBN)
Номер (ISBN) 978-5-17-159102-1
Тираж 3000
021 ## - НОМЕР ГОСУДАРСТВЕННОЙ РЕГИСТРАЦИИ
Код страны Российская Федерация
Номер КН-П-24-038401
Номер Листа государственной регистраци КН-П-24-3835
035 ## - ДРУГИЕ СИСТЕМНЫЕ НОМЕРА
Идентификатор записи (NLR Aleph) 022300729
100 ## - ДАННЫЕ ОБЩЕЙ ОБРАБОТКИ
Данные общей обработки 20240815d2024 u y0rusy50 ca
101 1# - ЯЗЫК РЕСУРСА
Язык текста, звукозаписи и т.д. русский
Язык оригинала английский
102 ## - СТРАНА ПУБЛИКАЦИИ ИЛИ ПРОИЗВОДСТВА
Страна публикации Российская Федерация
105 ## - ПОЛЕ КОДИРОВАННЫХ ДАННЫХ: ТЕКСТОВЫЕ МАТЕРИАЛЫ, МОНОГРАФИЧЕСКИЕ
Кодированные данные о монографическом текстовом документе y z 000zy
181 #0 - ПОЛЕ КОДИРОВАННЫХ ДАННЫХ: ВИД СОДЕРЖАНИЯ
Код вида содержания (ISBD) i4
Код характеристики содержания (ISBD) axxe
182 #0 - ПОЛЕ КОДИРОВАННЫХ ДАННЫХ: ТИП СРЕДСТВА
Код типа средства (ISBD) n - непосредственное
200 1# - ЗАГЛАВИЕ И СВЕДЕНИЯ ОБ ОТВЕТСТВЕННОСТИ
Основное заглавие Искусство влиять на людей и зарабатывать деньги
Сведения, относящиеся к заглавию 4 легендарные книги под одной обложкой
Первые сведения об ответственности Дейл Карнеги, Наполеон Хилл, Эрл Найтингейл
Последующие сведения об ответственности [перевод с английского: Полищук В., Лоза О.]
203 ## - ВИД СОДЕРЖАНИЯ И ТИП СРЕДСТВА
Вид содержания Текст
Дополнительные сведения об издании визуальный
Тип средства непосредственный
210 ## - ПУБЛИКАЦИЯ, РАСПРОСТРАНЕНИЕ И ДР.
Место издания, распространения и т.д. Москва
Имя издателя, распространителя и т. д. АСТ, Прайм
Дата издания, распространения и т.д. 2024
215 ## - ФИЗИЧЕСКАЯ ХАРАКТЕРИСТИКА
Специфическое обозначение материала и объем 549 с.
Размеры 22
225 1# - СЕРИЯ
Основное заглавие серии Психология. Полный курс
320 ## - ПРИМЕЧАНИЯ О НАЛИЧИИ В ДОКУМЕНТЕ БИБЛИОГРАФИИ / УКАЗАТЕЛЯ
Текст примечания Библиогр. в тексте и в подстроч. примеч.
327 1# - ПРИМЕЧАНИЯ О СОДЕРЖАНИИ
Текст примечания Содерж.: Искусство завоевывать друзей, оказывать влияние на людей, эффективно общаться и расти как личность; Как влиять на людей и выработать уверенность в себе, выступая публично / Дейл Карнеги. Самый удивительный секрет / Эрл Найтингейл. Думай и богатей / Наполеон Хилл
333 ## - ПРИМЕЧАНИЯ ОБ ОСОБЕННОСТЯХ РАСПРОСТРАНЕНИЯ И ИСПОЛЬЗОВАНИЯ
Текст примечания 16+
606 1# - НАИМЕНОВАНИЕ ТЕМЫ КАК ПРЕДМЕТ
Наименование темы Общение (социол.)
Формальный подзаголовок Популярные издания
Системный номер авторитетной/нормативной записи 1209654
Идентификатор авторитетной/нормативной записи RU\NLR\AUTH\66490938
606 1# - НАИМЕНОВАНИЕ ТЕМЫ КАК ПРЕДМЕТ
Наименование темы Успех
Формальный подзаголовок Популярные издания
Тематический подзаголовок Социально-психологические исследования
Системный номер авторитетной/нормативной записи 2074287
Идентификатор авторитетной/нормативной записи RU\NLR\AUTH\661249276
686 1# - ИНДЕКСЫ ДРУГИХ КЛАССИФИКАЦИЙ
Индекс С550.353я9
686 1# - ИНДЕКСЫ ДРУГИХ КЛАССИФИКАЦИЙ
Индекс С550.354я9
700 #1 - ИМЯ ЛИЦА - ПЕРВИЧНАЯ ОТВЕТСТВЕННОСТЬ
Материалы, к которым относится поле rus
Графика поля Кириллица
Начальный элемент ввода Карнеги
Часть имени, кроме начального элемента ввода Д.
Даты 1888-1955
Расширение инициалов личного имени Дейл
Идентификатор авторитетной/нормативной записи RU\NLR\AUTH\779688
Системный номер авторитетной/нормативной записи 119500
701 #1 - ИМЯ ЛИЦА - АЛЬТЕРНАТИВНАЯ ОТВЕТСТВЕННОСТЬ
Графика поля Кириллица
Материалы, к которым относится поле rus
Начальный элемент ввода Хилл
Часть имени, кроме начального элемента ввода Н.
Даты 1883-1970
Расширение инициалов личного имени Наполеон
Системный номер авторитетной/нормативной записи 110612
Идентификатор авторитетной/нормативной записи RU\NLR\AUTH\77565
701 #1 - ИМЯ ЛИЦА - АЛЬТЕРНАТИВНАЯ ОТВЕТСТВЕННОСТЬ
Начальный элемент ввода Найтингейл
Часть имени, кроме начального элемента ввода Э.
Даты 1921-1989
Расширение инициалов личного имени Эрл
942 ## - ДОПОЛНИТЕЛЬНЫЕ ЭЛЕМЕНТЫ ЗАПИСИ (АБИС)
Тип экземпляра АБИС Книга
980 ## - КОЛЛЕКЦИЯ
Название коллекции Национальная библиография

Нет доступных экземпляров.